[Event "DEM U14w 2023"]
[Site "Willingen GER"]
[Date "2023.05.31"]
[Round "5"]
[White "Bezsonna, Polina"]
[Black "Moldovan, Stela"]
[Result "1/2-1/2"]
[Termination "normal"]
[Board "7"]
[WhiteElo "1629"]
[BlackElo "1335"]
[WhiteClock "00:05:38"]
[BlackClock "00:22:29"]
[PlyCount "106"]
[WhiteFideId "14191156"]
[BlackFideId "16287380"]
[EventCountry "GER"]
[EventRounds "9"]
[EventType "swiss"]
[EventDate "2023.05.27"]

1. e4 {[%clk 01:30:57]} c6 {[%clk 01:30:36]} {[%emt 00:00:25]} 2. d4 {[%clk
01:31:02]} {[%emt 00:00:27]} d5 {[%clk 01:30:36]} {[%emt 00:00:29]} 3. e5
{[%clk 01:31:22]} {[%emt 00:00:09]} Bf5 {[%emt 00:00:14]} 4. h4 {[%clk
01:31:44]} {[%emt 00:00:06]} h5 {[%clk 01:29:19]} {[%emt 00:02:05]} 5. Bd3
{[%clk 01:32:09]} {[%emt 00:00:07]} Bxd3 {[%clk 01:29:02]} {[%emt 00:00:45]} 6.
Qxd3 {[%clk 01:32:33]} {[%emt 00:00:06]} e6 {[%clk 01:29:07]} {[%emt 00:00:25]}
7. Nf3 {[%clk 01:32:58]} {[%emt 00:00:05]} Be7 {[%clk 01:27:07]} {[%emt
00:02:30]} 8. Nbd2 {[%clk 01:29:56]} {[%emt 00:03:33]} Nh6 {[%clk 01:23:15]}
{[%emt 00:04:22]} 9. g3 {[%clk 01:29:19]} {[%emt 00:01:06]} Na6 {[%clk
01:17:48]} {[%emt 00:05:56]} 10. c4 {[%clk 01:24:54]} {[%emt 00:04:56]} Qd7
{[%clk 01:16:02]} {[%emt 00:02:16]} 11. c5 {[%clk 01:19:47]} {[%emt 00:05:36]}
Nf5 {[%clk 01:12:11]} {[%emt 00:04:21]} 12. a3 {[%clk 01:18:16]} {[%emt
00:02:02]} Nc7 {[%clk 01:12:02]} {[%emt 00:00:38]} 13. b4 {[%clk 01:15:19]}
{[%emt 00:03:28]} b6 {[%clk 01:10:44]} {[%emt 00:01:47]} 14. Nb3 {[%clk
01:13:27]} {[%emt 00:02:23]} Nb5 {[%clk 00:59:48]} {[%emt 00:11:26]} 15. a4
{[%clk 01:06:53]} {[%emt 00:07:05]} Nc7 {[%clk 00:58:37]} {[%emt 00:01:39]} 16.
O-O {[%clk 01:02:50]} {[%emt 00:04:34]} O-O {[%clk 00:56:13]} {[%emt 00:02:54]}
17. Bd2 {[%clk 00:59:35]} {[%emt 00:03:45]} Rac8 {[%clk 00:46:14]} {[%emt
00:10:28]} 18. cxb6 {[%clk 00:48:57]} {[%emt 00:11:10]} axb6 {[%clk 00:44:52]}
{[%emt 00:01:51]} 19. a5 {[%clk 00:46:28]} {[%emt 00:02:59]} bxa5 {[%clk
00:44:35]} {[%emt 00:00:46]} 20. bxa5 {[%clk 00:46:43]} {[%emt 00:00:16]} Nb5
{[%clk 00:44:36]} {[%emt 00:00:29]} 21. Rfc1 {[%clk 00:46:14]} {[%emt
00:00:59]} Ra8 {[%clk 00:44:00]} {[%emt 00:01:06]} 22. Nc5 {[%clk 00:44:45]}
{[%emt 00:01:59]} Bxc5 {[%clk 00:42:57]} {[%emt 00:01:33]} 23. Rxc5 {[%clk
00:43:32]} {[%emt 00:01:44]} Rfc8 {[%clk 00:42:19]} {[%emt 00:01:08]} 24. Rcc1
{[%clk 00:30:33]} {[%emt 00:13:29]} Ra6 {[%clk 00:27:07]} {[%emt 00:15:42]} 25.
Bb4 {[%clk 00:25:44]} {[%emt 00:05:19]} Ne7 {[%clk 00:23:26]} {[%emt 00:04:10]}
26. Ne1 {[%clk 00:16:33]} {[%emt 00:09:42]} Rca8 {[%clk 00:20:43]} {[%emt
00:03:06]} 27. Qd2 {[%clk 00:16:29]} {[%emt 00:00:40]} Nc8 {[%clk 00:20:15]}
{[%emt 00:00:56]} 28. Nc2 {[%clk 00:09:52]} {[%emt 00:07:09]} Qd8 {[%clk
00:15:55]} {[%emt 00:04:47]} 29. Ra2 {[%clk 00:07:39]} {[%emt 00:02:45]} Nb6
{[%clk 00:14:50]} {[%emt 00:01:35]} 30. Ne3 {[%clk 00:07:56]} {[%emt 00:00:14]}
Nd7 {[%clk 00:14:51]} {[%emt 00:00:30]} 31. Rca1 {[%clk 00:06:44]} {[%emt
00:01:41]} f6 {[%clk 00:13:10]} {[%emt 00:02:11]} 32. f4 {[%clk 00:06:57]}
{[%emt 00:00:18]} Qe8 {[%clk 00:12:32]} {[%emt 00:01:06]} 33. Qd3 {[%clk
00:05:34]} {[%emt 00:01:56]} f5 {[%clk 00:12:03]} {[%emt 00:00:58]} 34. Rc1
{[%clk 00:03:12]} {[%emt 00:02:52]} g6 {[%clk 00:09:08]} {[%emt 00:03:25]} 35.
Rac2 {[%clk 00:02:49]} {[%emt 00:00:53]} Nb8 {[%clk 00:08:27]} {[%emt
00:01:11]} 36. Kf2 {[%clk 00:01:24]} {[%emt 00:01:55]} Kh7 {[%clk 00:06:11]}
{[%emt 00:02:47]} 37. Rg1 {[%clk 00:01:02]} {[%emt 00:00:50]} Kh6 {[%clk
00:05:28]} {[%emt 00:01:13]} 38. Kf3 {[%clk 00:01:10]} {[%emt 00:00:22]} Kh7
{[%clk 00:05:01]} {[%emt 00:00:59]} 39. Rcg2 {[%clk 00:01:11]} {[%emt
00:00:28]} R8a7 {[%clk 00:04:52]} {[%emt 00:00:36]} 40. Rc1 {[%clk 00:00:56]}
{[%emt 00:00:46]} Ra8 {[%clk 00:04:47]} {[%emt 00:00:36]} 41. Rgc2 {[%clk
00:00:53]} {[%emt 00:00:34]} Kh6 {[%clk 00:04:41]} {[%emt 00:00:37]} 42. Qd2
{[%clk 00:24:58]} {[%emt 00:06:25]} Kh7 {[%clk 00:33:31]} {[%emt 00:01:39]} 43.
Ra2 {[%clk 00:23:50]} {[%emt 00:01:39]} Kh6 {[%clk 00:32:53]} {[%emt 00:01:08]}
44. Nc2 {[%clk 00:23:26]} {[%emt 00:00:54]} Nd7 {[%clk 00:32:23]} {[%emt
00:01:00]} 45. Raa1 {[%clk 00:17:44]} {[%emt 00:06:12]} Kh7 {[%clk 00:31:21]}
{[%emt 00:01:31]} 46. Qd3 {[%clk 00:15:23]} {[%emt 00:02:52]} Kh6 {[%clk
00:30:56]} {[%emt 00:00:55]} 47. Ne3 {[%clk 00:14:16]} {[%emt 00:01:37]} Nb8
{[%clk 00:30:00]} {[%emt 00:01:25]} 48. Ra2 {[%clk 00:14:16]} {[%emt 00:00:31]}
Kh7 {[%clk 00:29:42]} {[%emt 00:00:47]} 49. Rg2 {[%clk 00:12:59]} {[%emt
00:01:47]} Kh6 {[%clk 00:29:44]} {[%emt 00:00:28]} 50. Rcg1 {[%clk 00:11:51]}
{[%emt 00:01:38]} R8a7 {[%clk 00:29:06]} {[%emt 00:01:08]} 51. Ke2 {[%clk
00:09:59]} {[%emt 00:02:23]} Rg7 {[%clk 00:27:40]} {[%emt 00:01:55]} 52. Bd2
{[%clk 00:06:47]} {[%emt 00:03:43]} Kh7 {[%clk 00:27:44]} {[%emt 00:00:26]} 53.
Nc2 {[%clk 00:05:38]} {[%emt 00:01:40]} Rb7 {[%clk 00:22:29]} {[%emt 00:05:39]}
1/2-1/2

[Event "DEM U14w 2023"]
[Site "Willingen GER"]
[Date "2023.05.31"]
[Round "5"]
[White "Oellrich, Emma"]
[Black "Kopylov, Diana"]
[Result "1/2-1/2"]
[Termination "normal"]
[Board "8"]
[WhiteElo "1525"]
[BlackElo "1378"]
[WhiteClock "00:01:00"]
[BlackClock "00:30:24"]
[PlyCount "82"]
[WhiteFideId "16268806"]
[BlackFideId "16268865"]
[EventCountry "GER"]
[EventRounds "9"]
[EventType "swiss"]
[EventDate "2023.05.27"]

1. d4 {[%clk 01:30:59]} d5 {[%clk 01:30:50]} {[%emt 00:00:09]} 2. c4 {[%clk
01:31:23]} {[%emt 00:00:06]} e5 {[%clk 01:31:15]} {[%emt 00:00:05]} 3. dxe5
{[%clk 01:31:48]} {[%emt 00:00:06]} d4 {[%clk 01:31:39]} {[%emt 00:00:07]} 4.
Nf3 {[%clk 01:32:14]} {[%emt 00:00:03]} Nc6 {[%clk 01:32:00]} {[%emt 00:00:09]}
5. Nbd2 {[%clk 01:32:36]} {[%emt 00:00:08]} Nge7 {[%clk 01:32:13]} {[%emt
00:00:17]} 6. Nb3 {[%clk 01:32:56]} {[%emt 00:00:09]} Nf5 {[%clk 01:32:25]}
{[%emt 00:00:18]} 7. g3 {[%clk 01:32:36]} {[%emt 00:00:50]} Be6 {[%clk
01:27:59]} {[%emt 00:04:56]} 8. Bg5 {[%clk 01:06:21]} {[%emt 00:26:46]} Qd7
{[%clk 01:23:31]} {[%emt 00:04:59]} 9. Rc1 {[%clk 01:04:07]} {[%emt 00:02:43]}
h6 {[%clk 01:18:35]} {[%emt 00:05:27]} 10. Bd2 {[%clk 01:02:42]} {[%emt
00:01:55]} Be7 {[%clk 01:11:11]} {[%emt 00:07:53]} 11. Bg2 {[%clk 01:01:20]}
{[%emt 00:01:51]} O-O {[%clk 01:06:06]} {[%emt 00:05:35]} 12. O-O {[%clk
00:58:32]} {[%emt 00:03:19]} Rfd8 {[%clk 00:46:39]} {[%emt 00:19:56]} 13. Bf4
{[%clk 00:50:28]} {[%emt 00:08:34]} a5 {[%clk 00:37:01]} {[%emt 00:10:08]} 14.
g4 {[%clk 00:28:17]} {[%emt 00:22:40]} Nh4 {[%clk 00:33:00]} {[%emt 00:04:31]}
15. Nxh4 {[%clk 00:21:09]} {[%emt 00:07:39]} g5 {[%clk 00:28:21]} {[%emt
00:05:09]} 16. Bd2 {[%clk 00:13:13]} {[%emt 00:08:27]} a4 {[%clk 00:27:18]}
{[%emt 00:01:32]} 17. Bxc6 {[%clk 00:08:56]} {[%emt 00:04:47]} Qxc6 {[%clk
00:26:50]} {[%emt 00:00:58]} 18. Na5 {[%clk 00:08:54]} {[%emt 00:00:32]} Rxa5
{[%clk 00:22:59]} {[%emt 00:04:21]} 19. Bxa5 {[%clk 00:02:44]} {[%emt
00:06:39]} gxh4 {[%clk 00:23:21]} {[%emt 00:00:08]} 20. f3 {[%clk 00:03:02]}
{[%emt 00:00:12]} h3 {[%clk 00:22:14]} {[%emt 00:01:38]} 21. Be1 {[%clk
00:03:23]} {[%emt 00:00:10]} Bxg4 {[%clk 00:21:47]} {[%emt 00:00:57]} 22. Bg3
{[%clk 00:02:18]} {[%emt 00:01:35]} Bc5 {[%clk 00:16:48]} {[%emt 00:05:29]} 23.
Qd3 {[%clk 00:01:20]} {[%emt 00:01:28]} Bh5 {[%clk 00:15:30]} {[%emt 00:01:48]}
24. e4 {[%clk 00:01:27]} {[%emt 00:00:23]} Qg6 {[%clk 00:14:34]} {[%emt
00:01:25]} 25. Kh1 {[%clk 00:01:05]} {[%emt 00:00:53]} Rf8 {[%clk 00:13:04]}
{[%emt 00:02:00]} 26. Rg1 {[%clk 00:01:18]} {[%emt 00:00:16]} Qb6 {[%clk
00:11:12]} {[%emt 00:02:23]} 27. e6 {[%clk 00:00:48]} {[%emt 00:01:00]} Kh7
{[%clk 00:08:49]} {[%emt 00:02:52]} 28. Be5 {[%clk 00:00:41]} {[%emt 00:00:39]}
f6 {[%clk 00:07:31]} {[%emt 00:01:47]} 29. Bf4 {[%clk 00:00:40]} {[%emt
00:00:32]} Qxe6 {[%clk 00:07:14]} {[%emt 00:00:47]} 30. Bxc7 {[%clk 00:00:36]}
{[%emt 00:00:34]} f5 {[%clk 00:04:02]} {[%emt 00:03:40]} 31. e5 {[%clk
00:01:03]} {[%emt 00:00:04]} Bg6 {[%clk 00:02:56]} {[%emt 00:01:36]} 32. Qe2
{[%clk 00:00:59]} {[%emt 00:00:34]} Rf7 {[%clk 00:02:19]} {[%emt 00:01:07]} 33.
Ba5 {[%clk 00:00:42]} {[%emt 00:00:46]} d3 {[%clk 00:02:31]} {[%emt 00:00:19]}
34. Qxd3 {[%clk 00:00:39]} {[%emt 00:00:33]} Bxg1 {[%clk 00:02:53]} {[%emt
00:00:08]} 35. Rxg1 {[%clk 00:01:04]} {[%emt 00:00:05]} Qxe5 {[%clk 00:02:49]}
{[%emt 00:00:34]} 36. Bc3 {[%clk 00:01:33]} {[%emt 00:00:01]} Qe6 {[%clk
00:02:36]} {[%emt 00:00:42]} 37. Qd4 {[%clk 00:01:26]} {[%emt 00:00:37]} Qe8
{[%clk 00:02:13]} {[%emt 00:00:53]} 38. Qd6 {[%clk 00:01:00]} {[%emt 00:00:55]}
Bh5 {[%clk 00:01:31]} {[%emt 00:01:13]} 39. Qg3 {[%clk 00:01:06]} {[%emt
00:00:23]} Qf8 {[%clk 00:00:58]} {[%emt 00:01:04]} 40. Qxh3 {[%clk 00:01:05]}
{[%emt 00:00:30]} Bg6 {[%clk 00:00:48]} {[%emt 00:00:40]} 41. Qg3 {[%clk
00:01:00]} {[%emt 00:00:34]} Bh5 {[%clk 00:30:24]} {[%emt 00:00:55]} 1/2-1/2

[Event "DEM U14w 2023"]
[Site "Willingen GER"]
[Date "2023.05.31"]
[Round "5"]
[White "Huber, Laura"]
[Black "Hergenröder, Cora"]
[Result "1/2-1/2"]
[Termination "normal"]
[Board "9"]
[WhiteElo "1388"]
[BlackElo "1466"]
[WhiteClock "00:09:21"]
[BlackClock "00:10:42"]
[PlyCount "40"]
[WhiteFideId "16270940"]
[BlackFideId "34603700"]
[EventCountry "GER"]
[EventRounds "9"]
[EventType "swiss"]
[EventDate "2023.05.27"]

1. d4 {[%clk 01:30:59]} {[%emt 17:19:18]} d5 {[%clk 01:30:55]} {[%emt
00:00:06]} 2. Nf3 {[%clk 01:31:26]} {[%emt 00:00:04]} e6 {[%clk 01:31:15]}
{[%emt 00:00:10]} 3. e3 {[%clk 01:31:46]} {[%emt 00:00:09]} Nf6 {[%clk
01:31:19]} {[%emt 00:00:26]} 4. Bd3 {[%clk 01:32:10]} {[%emt 00:00:06]} c5
{[%clk 01:29:44]} {[%emt 00:02:05]} 5. b3 {[%clk 01:31:06]} {[%emt 00:01:34]}
Nc6 {[%clk 01:18:36]} {[%emt 00:11:37]} 6. a3 {[%clk 01:29:57]} {[%emt
00:01:40]} cxd4 {[%clk 01:18:51]} {[%emt 00:00:16]} 7. exd4 {[%clk 01:29:38]}
{[%emt 00:00:49]} Qc7 {[%clk 01:13:16]} {[%emt 00:06:04]} 8. Bb2 {[%clk
01:29:48]} {[%emt 00:00:20]} Bd6 {[%clk 01:12:50]} {[%emt 00:00:56]} 9. O-O
{[%clk 01:20:54]} {[%emt 00:09:25]} O-O {[%clk 01:08:16]} {[%emt 00:05:03]} 10.
Re1 {[%clk 01:19:48]} {[%emt 00:01:35]} b6 {[%clk 00:59:54]} {[%emt 00:08:53]}
11. Nbd2 {[%clk 01:12:42]} {[%emt 00:07:35]} Rd8 {[%clk 00:52:54]} {[%emt
00:07:30]} 12. Ne5 {[%clk 00:59:03]} {[%emt 00:14:09]} Bxe5 {[%clk 00:44:41]}
{[%emt 00:08:42]} 13. dxe5 {[%clk 00:59:31]} {[%emt 00:00:03]} Nd7 {[%clk
00:44:07]} {[%emt 00:01:06]} 14. Qh5 {[%clk 00:47:23]} {[%emt 00:12:37]} Nf8
{[%clk 00:33:32]} {[%emt 00:11:05]} 15. f4 {[%clk 00:32:11]} {[%emt 00:15:43]}
a5 {[%clk 00:22:43]} {[%emt 00:11:18]} 16. Re3 {[%clk 00:19:57]} {[%emt
00:12:44]} Ne7 {[%clk 00:17:07]} {[%emt 00:06:06]} 17. Rh3 {[%clk 00:14:37]}
{[%emt 00:05:50]} Neg6 {[%clk 00:13:08]} {[%emt 00:04:28]} 18. Qg5 {[%clk
00:11:13]} {[%emt 00:03:55]} Qe7 {[%clk 00:11:49]} {[%emt 00:01:49]} 19. Qg3
{[%clk 00:11:17]} {[%emt 00:00:25]} Ba6 {[%clk 00:10:13]} {[%emt 00:02:07]} 20.
Bxa6 {[%clk 00:09:21]} {[%emt 00:02:27]} Rxa6 {[%clk 00:10:42]} {[%emt
00:00:02]} 1/2-1/2

[Event "DEM U14w 2023"]
[Site "Willingen GER"]
[Date "2023.05.31"]
[Round "5"]
[White "Hoffmann, Svenja"]
[Black "Chandrasekher, Ritu"]
[Result "0-1"]
[Termination "normal"]
[Board "10"]
[WhiteElo "1491"]
[BlackElo "1268"]
[WhiteClock "00:59:17"]
[BlackClock "00:36:52"]
[PlyCount "68"]
[WhiteFideId "16287312"]
[BlackFideId "34609024"]
[EventCountry "GER"]
[EventRounds "9"]
[EventType "swiss"]
[EventDate "2023.05.27"]

1. e4 {[%clk 01:30:58]} {[%emt 00:00:02]} c6 {[%clk 01:30:47]} {[%emt
00:00:13]} 2. d4 {[%clk 01:31:14]} {[%emt 00:00:13]} d5 {[%clk 01:30:59]}
{[%emt 00:00:18]} 3. e5 {[%clk 01:31:33]} {[%emt 00:00:12]} c5 {[%clk
01:31:05]} {[%emt 00:00:25]} 4. dxc5 {[%clk 01:29:33]} {[%emt 00:02:30]} Nc6
{[%clk 01:30:37]} {[%emt 00:00:56]} 5. Bb5 {[%clk 01:22:28]} {[%emt 00:07:36]}
e6 {[%clk 01:28:07]} {[%emt 00:02:59]} 6. a3 {[%clk 01:22:25]} {[%emt
00:00:33]} Bxc5 {[%clk 01:27:25]} {[%emt 00:01:12]} 7. b4 {[%clk 01:22:43]}
{[%emt 00:00:14]} Bb6 {[%clk 01:27:18]} {[%emt 00:00:36]} 8. Nf3 {[%clk
01:20:14]} {[%emt 00:02:59]} Nge7 {[%clk 01:26:47]} {[%emt 00:01:00]} 9. Bb2
{[%clk 01:18:29]} {[%emt 00:02:15]} a6 {[%clk 01:25:07]} {[%emt 00:02:11]} 10.
Bd3 {[%clk 01:18:37]} {[%emt 00:00:21]} Qc7 {[%clk 01:23:38]} {[%emt 00:02:00]}
11. Qe2 {[%clk 01:18:04]} {[%emt 00:01:03]} Ng6 {[%clk 01:21:15]} {[%emt
00:02:53]} 12. Nbd2 {[%clk 01:18:11]} {[%emt 00:00:23]} Nf4 {[%clk 01:20:38]}
{[%emt 00:01:05]} 13. Qf1 {[%clk 01:15:47]} {[%emt 00:02:54]} a5 {[%clk
01:16:22]} {[%emt 00:04:47]} 14. b5 {[%clk 01:10:05]} {[%emt 00:06:12]} Ne7
{[%clk 01:15:57]} {[%emt 00:00:56]} 15. c4 {[%clk 01:09:42]} {[%emt 00:00:53]}
Bd7 {[%clk 01:10:47]} {[%emt 00:05:40]} 16. Rc1 {[%clk 01:09:28]} {[%emt
00:00:44]} Rc8 {[%clk 01:05:50]} {[%emt 00:05:26]} 17. a4 {[%clk 01:07:18]}
{[%emt 00:02:42]} Qc5 {[%clk 00:57:45]} {[%emt 00:08:34]} 18. Bd4 {[%clk
01:05:13]} {[%emt 00:02:35]} Qa3 {[%clk 00:55:10]} {[%emt 00:02:40]} 19. Rc3
{[%clk 01:04:09]} {[%emt 00:01:58]} Qa1+ {[%clk 00:53:09]} {[%emt 00:02:31]}
20. Nb1 {[%clk 01:04:24]} {[%emt 00:00:15]} Bxd4 {[%clk 00:51:03]} {[%emt
00:02:37]} 21. Nxd4 {[%clk 01:04:43]} {[%emt 00:00:11]} dxc4 {[%clk 00:48:05]}
{[%emt 00:03:27]} 22. Bc2 {[%clk 01:04:01]} {[%emt 00:01:11]} Ned5 {[%clk
00:44:58]} {[%emt 00:03:36]} 23. Rxc4 {[%clk 01:02:05]} {[%emt 00:02:28]} Nxg2+
{[%clk 00:42:48]} {[%emt 00:02:39]} 24. Kd2 {[%clk 01:02:19]} {[%emt 00:00:12]}
O-O {[%clk 00:38:47]} {[%emt 00:04:36]} 25. Rxc8 {[%clk 01:01:14]} {[%emt
00:01:34]} Qxd4+ {[%clk 00:37:57]} {[%emt 00:01:20]} 26. Kc1 {[%clk 01:01:21]}
{[%emt 00:00:23]} Rxc8 {[%clk 00:38:15]} {[%emt 00:00:12]} 27. Qxg2 {[%clk
01:01:10]} {[%emt 00:00:41]} Nb4 {[%clk 00:37:14]} {[%emt 00:01:30]} 28. Na3
{[%clk 01:00:22]} {[%emt 00:01:19]} Nd3+ {[%clk 00:36:47]} {[%emt 00:00:58]}
29. Kd2 {[%clk 00:58:32]} {[%emt 00:02:19]} Nf4+ {[%clk 00:36:50]} {[%emt
00:00:27]} 30. Ke1 {[%clk 00:58:55]} {[%emt 00:00:07]} Nxg2+ {[%clk 00:36:50]}
{[%emt 00:00:30]} 31. Kf1 {[%clk 00:59:19]} {[%emt 00:00:06]} Nf4 {[%clk
00:36:58]} {[%emt 00:00:21]} 32. f3 {[%clk 00:59:19]} {[%emt 00:00:30]} Rxc2
{[%clk 00:36:43]} {[%emt 00:00:46]} 33. Nxc2 {[%clk 00:59:22]} {[%emt
00:00:27]} Qd1+ {[%clk 00:36:48]} {[%emt 00:00:25]} 34. Kf2 {[%clk 00:59:17]}
{[%emt 00:00:35]} Qxh1 {[%clk 00:36:52]} {[%emt 00:00:26]} 0-1

[Event "DEM U14w 2023"]
[Site "Willingen GER"]
[Date "2023.05.31"]
[Round "5"]
[White "Vogt, Luna"]
[Black "Dodul, Alice"]
[Result "1/2-1/2"]
[Termination "normal"]
[Board "11"]
[WhiteElo "1345"]
[BlackElo "1430"]
[WhiteClock "00:07:20"]
[BlackClock "00:36:52"]
[PlyCount "96"]
[WhiteFideId "34607153"]
[BlackFideId "34623817"]
[EventCountry "GER"]
[EventRounds "9"]
[EventType "swiss"]
[EventDate "2023.05.27"]

1. d4 {[%clk 01:30:59]} {[%emt 00:00:03]} d5 {[%clk 01:30:54]} {[%emt
00:00:05]} 2. c4 {[%clk 01:31:25]} {[%emt 00:00:04]} e6 {[%clk 01:31:19]}
{[%emt 00:00:05]} 3. Nc3 {[%clk 01:31:45]} {[%emt 00:00:08]} Nf6 {[%clk
01:31:32]} {[%emt 00:00:17]} 4. cxd5 {[%clk 01:32:00]} {[%emt 00:00:15]} exd5
{[%clk 01:31:44]} {[%emt 00:00:18]} 5. Bg5 {[%clk 01:32:26]} {[%emt 00:00:05]}
Nbd7 {[%clk 01:31:20]} {[%emt 00:00:54]} 6. e3 {[%clk 01:32:26]} {[%emt
00:00:30]} Be7 {[%clk 01:30:23]} {[%emt 00:01:29]} 7. Bd3 {[%clk 01:32:49]}
{[%emt 00:00:05]} h6 {[%clk 01:30:03]} {[%emt 00:00:51]} 8. Bh4 {[%clk
01:32:37]} {[%emt 00:00:41]} c6 {[%clk 01:27:41]} {[%emt 00:02:51]} 9. Nge2
{[%clk 01:32:54]} {[%emt 00:00:15]} O-O {[%clk 01:25:52]} {[%emt 00:02:17]} 10.
O-O {[%clk 01:33:15]} {[%emt 00:00:09]} Bd6 {[%clk 01:22:13]} {[%emt 00:04:09]}
11. Qc2 {[%clk 01:29:51]} {[%emt 00:03:54]} Qc7 {[%clk 01:18:25]} {[%emt
00:04:19]} 12. Bg3 {[%clk 01:29:50]} {[%emt 00:00:32]} Bxg3 {[%clk 01:14:13]}
{[%emt 00:04:41]} 13. Nxg3 {[%clk 01:30:13]} {[%emt 00:00:08]} c5 {[%clk
01:13:41]} {[%emt 00:01:02]} 14. Na4 {[%clk 01:27:12]} {[%emt 00:03:31]} c4
{[%clk 01:11:09]} {[%emt 00:03:01]} 15. Be2 {[%clk 01:27:09]} {[%emt 00:00:33]}
a6 {[%clk 01:08:52]} {[%emt 00:02:48]} 16. Nc3 {[%clk 01:27:11]} {[%emt
00:00:28]} b5 {[%clk 01:08:27]} {[%emt 00:00:56]} 17. a3 {[%clk 01:23:07]}
{[%emt 00:04:34]} Rd8 {[%clk 01:02:50]} {[%emt 00:06:05]} 18. f3 {[%clk
01:20:24]} {[%emt 00:03:14]} Nf8 {[%clk 01:01:15]} {[%emt 00:02:04]} 19. Rad1
{[%clk 01:18:52]} {[%emt 00:02:02]} Qb6 {[%clk 00:56:15]} {[%emt 00:05:30]} 20.
Rfe1 {[%clk 01:15:42]} {[%emt 00:03:40]} Bb7 {[%clk 00:54:43]} {[%emt
00:02:02]} 21. b3 {[%clk 01:15:09]} {[%emt 00:01:04]} Rac8 {[%clk 00:53:12]}
{[%emt 00:02:00]} 22. bxc4 {[%clk 01:14:20]} {[%emt 00:01:19]} dxc4 {[%clk
00:53:09]} {[%emt 00:00:33]} 23. Rb1 {[%clk 01:14:05]} {[%emt 00:00:45]} Ng6
{[%clk 00:44:17]} {[%emt 00:09:22]} 24. Qb2 {[%clk 01:05:10]} {[%emt 00:09:24]}
Bc6 {[%clk 00:39:38]} {[%emt 00:05:09]} 25. Bxc4 {[%clk 01:01:02]} {[%emt
00:04:38]} Qa5 {[%clk 00:36:51]} {[%emt 00:03:17]} 26. Ba2 {[%clk 00:47:42]}
{[%emt 00:13:50]} Bxf3 {[%clk 00:33:57]} {[%emt 00:03:25]} 27. Rbc1 {[%clk
00:45:00]} {[%emt 00:03:11]} Bb7 {[%clk 00:32:15]} {[%emt 00:02:12]} 28. Qb3
{[%clk 00:41:17]} {[%emt 00:04:12]} Rf8 {[%clk 00:31:13]} {[%emt 00:01:33]} 29.
e4 {[%emt 00:04:00]} Qb6 {[%clk 00:30:05]} {[%emt 00:01:17]} 30. Rcd1 {[%clk
00:33:37]} {[%emt 00:05:01]} Qc6 {[%clk 00:27:23]} {[%emt 00:03:12]} 31. Nb1
{[%clk 00:31:59]} {[%emt 00:02:09]} Rce8 {[%clk 00:24:11]} {[%emt 00:03:42]}
32. d5 {[%clk 00:29:13]} {[%emt 00:03:17]} Qc5+ {[%clk 00:22:58]} {[%emt
00:01:42]} 33. Kh1 {[%clk 00:29:21]} {[%emt 00:00:22]} Ng4 {[%clk 00:22:10]}
{[%emt 00:01:18]} 34. Rd2 {[%clk 00:21:13]} {[%emt 00:08:39]} Nf2+ {[%clk
00:21:32]} {[%emt 00:01:07]} 35. Rxf2 {[%clk 00:19:21]} {[%emt 00:02:21]} Qxf2
{[%clk 00:21:12]} {[%emt 00:00:50]} 36. Rf1 {[%clk 00:19:36]} {[%emt 00:00:15]}
Qc5 {[%clk 00:19:41]} {[%emt 00:02:01]} 37. Nc3 {[%clk 00:17:06]} {[%emt
00:03:00]} Ne5 {[%clk 00:18:03]} {[%emt 00:02:08]} 38. Nf5 {[%emt 00:05:45]}
Nd3 {[%clk 00:13:48]} {[%emt 00:01:28]} 39. Nd1 {[%clk 00:13:40]} {[%emt
00:01:58]} Nc1 {[%clk 00:11:34]} {[%emt 00:02:44]} 40. Qg3 {[%clk 00:10:53]}
{[%emt 00:03:16]} g6 {[%clk 00:09:43]} {[%emt 00:02:22]} 41. Nxh6+ {[%clk
00:05:09]} {[%emt 00:06:14]} Kg7 {[%clk 00:05:31]} {[%emt 00:04:42]} 42. Nf5+
{[%clk 00:02:29]} {[%emt 00:03:10]} Kg8 {[%clk 00:05:05]} {[%emt 00:00:56]} 43.
Nh6+ {[%clk 00:22:24]} {[%emt 00:10:35]} Kg7 {[%clk 00:35:19]} {[%emt
00:00:16]} 44. Nf5+ {[%clk 00:22:23]} {[%emt 00:00:30]} Kg8 {[%clk 00:35:38]}
{[%emt 00:00:11]} 45. Nh6+ {[%clk 00:14:23]} {[%emt 00:08:30]} Kg7 {[%clk
00:36:00]} {[%emt 00:00:08]} 46. Nf5+ {[%clk 00:07:46]} {[%emt 00:07:07]} Kg8
{[%clk 00:36:17]} {[%emt 00:00:13]} 47. Nh6+ {[%clk 00:07:20]} {[%emt
00:00:57]} Kg7 {[%clk 00:36:39]} {[%emt 00:00:07]} 48. Nf5+ {[%emt 00:01:20]}
Kg8 {[%clk 00:36:52]} {[%emt 00:00:15]} 1/2-1/2